Real-time PCR : Current technology and applications

Real-time PCR (RT-PCR) technology is highly flexible and many alternative instruments and fluorescent probe systems have been developed recently. The decreased hands-on time, increased reliability, and improved quantitative accuracy of RT-PCR methods have contributed to the adoption of RT-PCR

保存先:
書誌詳細
フォーマット: 図書
言語:Undetermined
出版事項: New York Taylor & Francis 2009
主題:
タグ: タグ追加
タグなし, このレコードへの初めてのタグを付けませんか!
Thư viện lưu trữ: Trung tâm Học liệu Trường Đại học Cần Thơ
LEADER 00879nam a2200205Ia 4500
001 CTU_192186
008 210402s9999 xx 000 0 und d
082 |a 572.43 
082 |b R282 
245 0 |a Real-time PCR : 
245 0 |b Current technology and applications 
245 0 |c M. Tevfik Dorak 
260 |a New York 
260 |b Taylor & Francis 
260 |c 2009 
520 |a Real-time PCR (RT-PCR) technology is highly flexible and many alternative instruments and fluorescent probe systems have been developed recently. The decreased hands-on time, increased reliability, and improved quantitative accuracy of RT-PCR methods have contributed to the adoption of RT-PCR 
650 |a Polymerase chain reaction.,Polymerase Chain Reaction,Chuỗi phản ứng 
650 |x Methods. 
904 |i Tuyến 
980 |a Trung tâm Học liệu Trường Đại học Cần Thơ